000 00806nam a22002057a 4500
999 _c19502
_d19502
003 AR-CdUCM
008 190517b ||||| |||| 00| 0 spa d
040 _aMUNICIPALIDAD PROVINCIAL DEL CUSCO
_cBIBLIOTECA MUNICIPAL DEL CUSCO
082 _a331.8809 /
_bP26
100 _aPareja Pflucker, Piedad
_940870
245 _aAnarquismo y sindicalismo en el Perú 1904-1929 /
260 _aLima :
_bEdiciones Rikchay Perú,
_c1978.
300 _a120 páginas ;
_c22 cm.
505 _aContenido: Industrialización y trabajadores en Lima -- El movimiento obrero, la acción sindical y el anarcosindicalismo -- Al organización sindical...
650 _aSindicalismo y anarquismo
_940871
650 _aObreros
_912481
650 _aCondiciones sociales
_91132
942 _2ddc
_cLIBROS
945 _adavv
_d2019-05-17